000 00299nam a2200121Ia 4500
005 20251222144723.0
008 251222s9999||||xx |||||||||||||| ||spa||
082 _a278.61/F41
100 _aFernández Barrajón, Alejandro
245 0 _aMercedarios hoy
264 _bOrden de la Merced
942 _cLIB
999 _c18267
_d18267